000 00375nam a22001217a 4500
999 _c2183
_d2183
005 20200910102504.0
008 200910b ||||| |||| 00| 0 eng d
020 _a0030968313
040 _cCML
245 _aElements of Literature: Third Course.
_cDaniel, K.
260 _aNew york
_bHolt, Rinehart and Winston
_c1997
942 _2ddc
_cBK
_e1st Edition
_h808
_mBEE